000 00753nam a22002297a 4500
999 _c5913
_d5913
003 AR-CdUCM
008 190313b ||||| |||| 00| 0 spa d
040 _aMUNICIPALIDAD PROVINCIAL DEL CUSCO
_cBIBLIOTECA MUNICIPAL DEL CUSCO
082 _a869.56 /
_bF89
100 _aFreyre Bustamante, Maynor
_917410
245 _aPoligenio psicoterapéutico :
_bCasi novela corta ... oraciones para un nuevo credo : poesía /
260 _aLima :
_bEdiciones "La Calle",
_c1971.
300 _a79 paginas ;
_c16 cm.
500 _aDonación familia Nieto
505 _aContenido :Poesía --Novelas /
650 _aLiteratura peruana
_9169
650 _aPoesía
_9139
650 _aNovelas
_9218
650 _aSiglo XX
_98
942 _2ddc
_cLIBROS
945 _arjall